[Event "Werner-Ott-Open Kreuzberger Sommer 2014"]
[Site "Berlin"]
[Date "2014.07.11"]
[Round "7.2"]
[White "Jahnz, Fabian"]
[Black "Von Herman, Ulf"]
[Result "1/2-1/2"]
[WhiteElo "2270"]
[BlackElo "2379"]
[PlyCount "65"]
[EventDate "2014.??.??"]
[WhiteTeam "SK König Tegel 1949 e.V."]
[BlackTeam "SK König Tegel 1949 e.V."]

1. e4 c5 2. c3 d6 3. d4 Nf6 4. Bd3 g6 5. Nf3 Bg7 6. O-O O-O 7. h3 Qc7 8. Nbd2
Nc6 9. d5 Ne5 10. Nxe5 dxe5 11. a4 Nh5 12. Nc4 Bd7 13. Bg5 Be8 14. Qd2 Nf4 15.
Bc2 b5 16. d6 exd6 17. Qxd6 Qb8 18. Qxb8 Rxb8 19. Nd6 bxa4 20. Be7 Rxb2 21.
Bxf8 Bxf8 22. Nxe8 Rxc2 23. Rxa4 Rxc3 24. Rxa7 c4 25. Rc7 Ne6 26. Rc8 Rc2 27.
Nf6+ Kg7 28. Nd5 Bc5 29. Ne3 Re2 30. Nxc4 Rxe4 31. Nd2 Re2 32. Nb3 Be7 33. Rcc1
{(=)} 1/2-1/2

[Event "Werner-Ott-Open Kreuzberger Sommer 2014"]
[Site "Berlin"]
[Date "2014.07.11"]
[Round "7.3"]
[White "Lindborg, Petter"]
[Black "Brüdigam, Martin"]
[Result "1/2-1/2"]
[WhiteElo "2222"]
[BlackElo "2328"]
[PlyCount "117"]
[EventDate "2014.??.??"]
[WhiteTeam "Solna SS"]
[BlackTeam "SK König Tegel 1949 e.V."]

1. d4 Nf6 2. Bg5 Ne4 3. Bf4 d5 4. e3 c5 5. Bd3 Nf6 6. Nf3 Nc6 7. c3 Bg4 8. Nbd2
Rc8 9. O-O e6 10. a3 cxd4 11. cxd4 Bd6 12. Bxd6 Qxd6 13. b4 O-O 14. Qb3 Rc7 15.
Rac1 Rfc8 16. Rc2 Ne7 17. Rfc1 Bxf3 18. Nxf3 Nd7 19. Rxc7 Rxc7 20. Rc3 Rxc3 21.
Qxc3 Qc6 22. Qxc6 Nxc6 23. Bb5 Kf8 24. Bxc6 bxc6 25. Kf1 f6 26. Ke2 Nb6 27. Nd2
Ke7 28. Kd3 Kd6 29. h4 h5 30. f3 e5 31. e4 Na4 32. g3 g6 33. g4 Nb2+ 34. Kc2
Nc4 35. Nxc4+ dxc4 36. gxh5 gxh5 37. Kc3 exd4+ 38. Kxd4 c3 39. Kxc3 Ke5 40. Kd3
Kf4 41. Ke2 Kg3 42. Ke3 Kxh4 43. Kf4 Kh3 44. e5 fxe5+ 45. Kxe5 h4 46. f4 Kg4
47. f5 h3 48. f6 h2 49. f7 h1=Q 50. f8=Q Qd5+ 51. Kf6 Qf3+ 52. Ke7 Qxa3 53.
Qc8+ Kg5 54. Qg8+ Kf4 55. Qc4+ Ke3 56. Kd7 Qa4 57. Qc3+ Ke2 58. Qxc6 Qxb4 59.
Qa6+ 1/2-1/2

[Event "Werner-Ott-Open Kreuzberger Sommer 2014"]
[Site "Berlin"]
[Date "2014.07.11"]
[Round "7.4"]
[White "Lerch, Philipp"]
[Black "Meister, Jakob"]
[Result "0-1"]
[WhiteElo "2197"]
[BlackElo "2478"]
[PlyCount "34"]
[EventDate "2014.??.??"]
[WhiteTeam "SK König Tegel 1949 e.V."]
[BlackTeam "SK Zehlendorf e.V."]

1. c4 b6 2. Nc3 Bb7 3. e4 e6 4. Nge2 Nf6 5. d3 d5 6. exd5 exd5 7. Bg5 d4 8. Nb5
Nc6 9. Ng3 Bb4+ 10. Bd2 a6 11. Na3 Bxa3 12. bxa3 Ne5 13. Qe2 O-O 14. O-O-O Re8
15. Ne4 Nxe4 16. dxe4 d3 17. Qh5 Qd4 0-1

[Event "Werner-Ott-Open Kreuzberger Sommer 2014"]
[Site "Berlin"]
[Date "2014.07.11"]
[Round "7.5"]
[White "Muse, Drazen"]
[Black "Johansson, Thomas"]
[Result "1-0"]
[WhiteElo "2407"]
[BlackElo "2193"]
[PlyCount "73"]
[EventDate "2014.??.??"]
[WhiteTeam "SK König Tegel 1949 e.V."]
[BlackTeam "Uppsala ASS"]

1. d4 d5 2. c4 c6 3. cxd5 cxd5 4. Nc3 Nf6 5. Bf4 Nc6 6. e3 Bf5 7. Qb3 Na5 8.
Qa4+ Bd7 9. Qc2 Rc8 10. Bd3 e6 11. h3 b5 12. a3 Nc4 13. Nge2 Be7 14. Ra2 h6 15.
O-O O-O 16. Qd1 a6 17. Nb1 Qb6 18. b3 Na5 19. Nd2 b4 20. a4 Rfd8 21. Qb1 Qb7
22. f3 Be8 23. Rc1 Bd7 24. Rac2 Rxc2 25. Rxc2 Rc8 26. Bg3 Rxc2 27. Qxc2 Qc8 28.
Qc7 Nc6 29. Qb6 a5 30. Ba6 Qa8 31. Bb7 Qa7 32. Qxa7 Nxa7 33. Bc7 Nc6 34. Bxc6
Bxc6 35. Bxa5 Bb7 36. Nc1 Ba6 37. Na2 1-0

[Event "Werner-Ott-Open Kreuzberger Sommer 2014"]
[Site "Berlin"]
[Date "2014.07.11"]
[Round "7.6"]
[White "Simon, Ralf-Axel"]
[Black "Kollberg, Lothar"]
[Result "1-0"]
[WhiteElo "2230"]
[BlackElo "2177"]
[PlyCount "67"]
[EventDate "2014.??.??"]
[WhiteTeam "TSG Neuruppin"]
[BlackTeam "SC Zugzwang 95 e.V."]

1. Nf3 d5 2. e3 e6 3. c4 Nf6 4. Nc3 c6 5. d4 Nbd7 6. Qc2 Bb4 7. Be2 dxc4 8.
Bxc4 Qe7 9. O-O e5 10. Nxe5 Nxe5 11. dxe5 Nd7 12. f4 O-O 13. Ne4 Nb6 14. Bd3
Nd5 15. a3 Ba5 16. Nd6 g6 17. Nc4 Bc7 18. e4 Nb6 19. Ne3 Rd8 20. Rd1 f6 21.
exf6 Qxf6 22. g3 Be6 23. f5 gxf5 24. exf5 Bf7 25. Qe2 Bb3 26. Ng4 Qd4+ 27. Be3
Bxd1 28. Rxd1 Qg7 {(=)} 29. f6 Qf8 30. f7+ Kh8 31. Qf2 Rd7 32. Rf1 Rxd3 33.
Bd4+ Rxd4 34. Qxd4+ 1-0

[Event "Werner-Ott-Open Kreuzberger Sommer 2014"]
[Site "Berlin"]
[Date "2014.07.11"]
[Round "7.7"]
[White "Kaiser, Elmar"]
[Black "Gaerths, Ronny"]
[Result "1-0"]
[WhiteElo "2163"]
[BlackElo "2204"]
[PlyCount "123"]
[EventDate "2014.??.??"]
[WhiteTeam "SK Tauberbischofsheim"]
[BlackTeam "ohne Verein"]

1. e4 d6 2. d4 Nf6 3. Nc3 e5 4. Nf3 exd4 5. Nxd4 Be7 6. Bf4 O-O 7. Qd2 Nc6 8.
O-O-O Nxd4 9. Qxd4 a6 10. Qd2 Be6 {(=)} 11. f3 b5 12. Kb1 Qb8 13. Ne2 Rd8 14.
Nd4 Qb6 15. g4 c5 16. Nf5 Bxf5 17. gxf5 c4 18. Be3 Qc7 19. Bd4 Ne8 20. Rg1 Bf6
21. Bxf6 Nxf6 22. Rxg7+ Kxg7 23. Qg5+ Kf8 24. Qxf6 Qc5 25. Qh8+ Ke7 26. f6+ Kd7
27. Qxh7 Rf8 28. f4 Kc7 29. Bh3 Rad8 30. Be6 Kb6 31. Bd5 c3 32. Qh3 b4 33. Qd3
Rh8 34. Bxf7 Rdf8 35. Be6 Rxf6 36. f5 Rxh2 37. Qxd6+ Qxd6 38. Rxd6+ Kc7 39.
Rd7+ Kc6 40. bxc3 bxc3 41. a3 Rd2 42. Rh7 Re2 43. Bd5+ Kd6 44. Rh3 Ke5 45. Rxc3
Rb6+ 46. Kc1 a5 47. Rc6 Re1+ 48. Kd2 Rxc6 49. Bxc6 Ra1 50. a4 Kd6 51. Bb5 Ke5
52. Kd3 Rd1+ 53. Kc4 Kxe4 54. Kc5 Rd8 55. Kb6 Kd4 56. Kc7 Rf8 57. Bd7 Kc3 58.
Kd6 Kxc2 59. Ke7 Rh8 60. f6 Kc3 61. f7 Kb4 62. f8=Q 1-0

[Event "Werner-Ott-Open Kreuzberger Sommer 2014"]
[Site "Berlin"]
[Date "2014.07.11"]
[Round "7.8"]
[White "Burger, Heinrich"]
[Black "Kalinitschew, Sergey"]
[Result "0-1"]
[WhiteElo "2101"]
[BlackElo "2426"]
[PlyCount "64"]
[EventDate "2014.??.??"]
[WhiteTeam "VfB Hermsdorf e.V."]
[BlackTeam "SC Kreuzberg e.V."]

1. d4 Nf6 2. c4 g6 3. g3 c5 4. d5 b5 5. cxb5 a6 6. b6 d6 7. Bg2 Nbd7 8. Nc3 Bg7
9. e4 O-O 10. h3 a5 11. Nge2 Nxb6 12. O-O a4 13. Rb1 Ba6 14. b3 axb3 15. axb3
Nfd7 16. Na4 Ne5 17. Nb2 Qc7 18. Qc2 Rfc8 19. f4 Ned7 20. Nc4 Nxc4 21. bxc4 Nb6
22. Rf3 Nxc4 23. Rfb3 Rcb8 24. Nc3 Na5 25. Rxb8+ Rxb8 26. Rxb8+ Qxb8 27. e5 Qb4
28. Ne4 Nb3 29. exd6 exd6 30. Bb2 Nd4 31. Bxd4 Bxd4+ 32. Kh2 Qe1 0-1

[Event "Werner-Ott-Open Kreuzberger Sommer 2014"]
[Site "Berlin"]
[Date "2014.07.11"]
[Round "7.9"]
[White "Schmidbauer, Martin"]
[Black "Bub, Volker"]
[Result "1-0"]
[WhiteElo "2242"]
[BlackElo "2094"]
[PlyCount "104"]
[EventDate "2014.??.??"]
[WhiteTeam "SK Tempelhof 1931 e.V."]
[BlackTeam "SC Tornado 86 Hochneukirch"]

1. e4 g6 2. d4 Bg7 3. Nc3 d6 4. Be3 a6 5. Qd2 Nd7 6. h4 h5 7. Nh3 b5 8. Ng5 Bb7
9. a4 b4 10. Bc4 e6 11. Ne2 Qe7 12. Qxb4 Rb8 13. Qd2 Ngf6 14. f3 d5 15. Bd3 e5
16. O-O O-O 17. Rae1 c5 18. dxe5 Nxe5 19. exd5 Nxd5 20. Bf2 Nxd3 21. cxd3 Bc6
22. Qa5 Rxb2 23. Bxc5 Qd8 24. Qxa6 Bb7 25. Qc4 Qd7 26. Ng3 Rc8 27. d4 Rb4 28.
Qa2 Rxa4 29. Qb3 Rxc5 30. dxc5 Rxh4 31. Re4 Bd4+ 32. Rxd4 Rxd4 {(=)} 33. N3e4
Qc7 34. Rb1 Bc6 35. Qb8+ Qxb8 36. Rxb8+ Kg7 37. Nd6 Rd1+ 38. Kh2 Ne3 39. Ne8+
Kf8 40. Nd6+ Ke7 41. Nc8+ Kf6 42. Ne4+ Bxe4 43. fxe4 h4 44. Nd6 g5 45. e5+ Ke6
46. g3 Nf1+ 47. Kg2 Nxg3 48. Re8+ Kd7 49. Rg8 Ne2 50. Nxf7 Nf4+ 51. Kf2 Ne6 52.
Nxg5 Nxg5 {(=)} 1-0

[Event "Werner-Ott-Open Kreuzberger Sommer 2014"]
[Site "Berlin"]
[Date "2014.07.11"]
[Round "7.10"]
[White "Kohler, Thomas"]
[Black "Nikolov, Rumen"]
[Result "0-1"]
[WhiteElo "2239"]
[BlackElo "2071"]
[PlyCount "68"]
[EventDate "2014.??.??"]
[WhiteTeam "SC Zitadelle Spandau 1977 e.V."]
[BlackTeam "Ivis Plus"]

1. Nf3 g6 2. c4 Bg7 3. d4 Nf6 4. Nc3 O-O 5. e4 d6 6. Be2 e5 7. d5 Nbd7 8. O-O
Nc5 9. Qc2 a5 10. Bg5 h6 11. Be3 b6 12. Nd2 Ng4 13. Bxg4 Bxg4 14. a3 Na6 15.
Rab1 Bd7 16. b4 axb4 17. axb4 f5 18. f3 f4 19. Bf2 g5 20. Qb3 h5 21. Ra1 g4 22.
Ra2 Qg5 23. Ne2 h4 24. Rfa1 g3 25. hxg3 hxg3 26. Be1 Bc8 27. Qc3 Bb7 28. Nb3
Kf7 29. b5 Rh8 30. bxa6 Bxa6 31. Rxa6 Qh4 32. Kf1 Qh1+ 33. Ng1 Rh2 34. R6a2
Rah8 0-1

[Event "Werner-Ott-Open Kreuzberger Sommer 2014"]
[Site "Berlin"]
[Date "2014.07.11"]
[Round "7.12"]
[White "Niehaus, Frank"]
[Black "Niechotz, Christopher"]
[Result "1/2-1/2"]
[WhiteElo "2200"]
[BlackElo "2070"]
[PlyCount "138"]
[EventDate "2014.??.??"]
[WhiteTeam "SK König Tegel 1949 e.V."]
[BlackTeam "SC Kreuzberg e.V."]

1. e4 e5 2. Nf3 Nc6 3. Bb5 g6 4. O-O Bg7 5. c3 a6 6. Ba4 d6 7. d4 Bd7 8. Bg5 f6
9. Be3 Nh6 10. dxe5 Nxe5 11. Nxe5 fxe5 12. Bb3 Qe7 13. f3 Nf7 14. Qd2 O-O 15.
Bd5 Rab8 16. c4 Kh8 17. Bxf7 Qxf7 18. Nc3 Be6 19. b3 Rbd8 20. Rfd1 Rd7 21. Qf2
c6 22. Rd3 d5 23. cxd5 cxd5 24. exd5 Bxd5 25. Rad1 Bc6 26. Rxd7 Bxd7 27. Ne4
Bc6 28. Nd6 Qe6 29. Bc5 Kg8 30. Ne4 Rc8 31. Ng5 Qf5 32. Qh4 h6 33. Qc4+ Kh8 34.
Nf7+ Kh7 35. Nd6 Qd7 36. Qc2 Rd8 37. Bb6 Rf8 38. Qe2 Qe6 39. Ba5 Rf4 40. Bc3
Rf8 41. Ne4 Rc8 42. Be1 Bb5 43. Qd2 Bc6 44. Qe3 Bd5 45. h3 Rc2 {(=)} 46. Nc3
Bc6 47. Bg3 Qf5 48. Re1 Qe6 49. Re2 Rxe2 50. Qxe2 Qf5 51. Ne4 Qd7 52. Kh2 Qd5
53. Bf2 Qb5 54. Qe3 Qd5 55. Bh4 Qf7 56. Bg3 Qd5 57. Qc5 Qxc5 58. Nxc5 Kg8 59.
Kg1 Kf7 60. Kf2 Ke7 61. Ke3 Kd6 62. Ne4+ Ke6 63. Be1 Bf8 64. Bc3 Be7 65. g3 Bd5
66. h4 h5 67. Be1 Kf5 68. Nc3 Bc6 69. Ne4 Bd5 1/2-1/2

[Event "Werner-Ott-Open Kreuzberger Sommer 2014"]
[Site "Berlin"]
[Date "2014.07.11"]
[Round "7.13"]
[White "Sechting, Martin"]
[Black "Major, Vitalij"]
[Result "0-1"]
[WhiteElo "2054"]
[BlackElo "2197"]
[PlyCount "56"]
[EventDate "2014.??.??"]
[WhiteTeam "SC Weisse Dame e.V."]
[BlackTeam "SC Kreuzberg e.V."]

1. d4 Nf6 2. c4 e6 3. Nc3 Bb4 4. Qc2 O-O 5. e4 d5 6. e5 Ne4 7. Bd3 c5 8. Bxe4
dxe4 9. dxc5 Qd4 10. Nge2 Qxe5 11. O-O Bxc3 12. Nxc3 f5 13. Ne2 Qxc5 14. Be3
Qe7 15. f4 exf3 16. Rxf3 Nc6 17. Rg3 e5 18. Bg5 Qc7 19. Bh6 Rf7 20. Re1 Be6 21.
Bd2 f4 22. Rf3 Bg4 23. Rf2 Bxe2 24. Rfxe2 Nd4 25. Qe4 Nxe2+ 26. Rxe2 Qb6+ 27.
c5 Qxc5+ 28. Kf1 Rd8 0-1

[Event "Werner-Ott-Open Kreuzberger Sommer 2014"]
[Site "Berlin"]
[Date "2014.07.11"]
[Round "7.14"]
[White "Horstmann, Olaf"]
[Black "Schulz, Hartmut"]
[Result "1/2-1/2"]
[WhiteElo "2182"]
[BlackElo "2067"]
[PlyCount "90"]
[EventDate "2014.??.??"]
[WhiteTeam "Vereinigung der Schachsportfreun"]
[BlackTeam "SC Rotation Pankow e.V."]

1. e4 c6 2. d3 d5 3. Nd2 e5 4. Ngf3 Nd7 5. g3 Ngf6 6. Bg2 Bd6 7. O-O O-O 8. b3
Re8 9. Bb2 Qe7 10. Re1 d4 11. c3 c5 12. Rc1 Nb8 13. Nc4 dxc3 14. Rxc3 Nc6 15.
Ba3 Nb4 16. Bxb4 cxb4 17. Rc2 Bg4 18. d4 exd4 19. Qxd4 Bc5 20. Qe5 Bxf3 21.
Qxe7 Rxe7 22. Bxf3 Rd8 23. Ne3 b6 24. Nf5 Re5 25. Kg2 g6 26. Ne3 Rde8 27. Nc4
R5e7 28. Rce2 Rd8 29. e5 Ne8 30. Bc6 Nc7 31. f4 Rd4 32. Nd2 Ne6 33. Ne4 Kg7 34.
Rf1 Rc7 35. Bb5 Be7 36. f5 gxf5 37. Rxf5 Rd1 38. Ref2 Bc5 39. Nxc5 Nxc5 40. Be8
Rd8 41. Bxf7 Nd3 42. Rg5+ Kh6 43. Rh5+ Kg7 44. Rg5+ Kh6 45. Rh5+ Kg7 1/2-1/2

[Event "Werner-Ott-Open Kreuzberger Sommer 2014"]
[Site "Berlin"]
[Date "2014.07.11"]
[Round "7.15"]
[White "Kather, Yannick"]
[Black "Gebigke, Martin"]
[Result "1/2-1/2"]
[WhiteElo "2009"]
[BlackElo "2152"]
[PlyCount "49"]
[EventDate "2014.??.??"]
[WhiteTeam "SC Weisse Dame e.V."]
[BlackTeam "SC Kreuzberg e.V."]

1. e4 c5 2. c3 d5 3. exd5 Qxd5 4. d4 Nf6 5. Nf3 e6 6. Bd3 cxd4 7. cxd4 Bb4+ 8.
Nc3 O-O 9. O-O Qd8 10. Bg5 Be7 11. Rc1 Nc6 12. Bb1 Nb4 13. a3 Nbd5 14. Qd3 g6
15. Ba2 Nxc3 16. Rxc3 Qd6 17. Bh4 Nh5 18. Bxe7 Qxe7 19. Qe3 Qf6 20. Rc7 Ng7 21.
Rfc1 Nf5 22. Qf4 Qd8 23. g4 Qd6 24. Qe4 Ne7 25. Qe5 {(=)} 1/2-1/2

[Event "Werner-Ott-Open Kreuzberger Sommer 2014"]
[Site "Berlin"]
[Date "2014.07.11"]
[Round "7.16"]
[White "Krefenstein, Sergej"]
[Black "Kievelitz, Bernd"]
[Result "1-0"]
[WhiteElo "2088"]
[BlackElo "2046"]
[PlyCount "79"]
[EventDate "2014.??.??"]
[WhiteTeam "TuS Makkabi Berlin e.V."]
[BlackTeam "SC Zitadelle Spandau 1977 e.V."]

1. e4 c5 2. Nf3 e6 3. c3 Nf6 4. e5 Nd5 5. Bc4 Nc6 6. O-O Nb6 7. Bb5 d5 8. d4
Be7 9. Be3 c4 10. b4 O-O 11. Nbd2 Bd7 12. Bxc6 Bxc6 13. a4 a5 14. b5 Be8 15.
Re1 f5 16. exf6 Bxf6 17. Ne5 Bxe5 18. dxe5 Bg6 19. Qg4 Bf5 20. Qd4 Nd7 21. Nf3
b6 22. Bg5 Qe8 23. Qh4 Rf7 24. Be3 Rc8 25. Qg3 Nc5 26. Bxc5 bxc5 27. Ra2 Rd7
28. Qf4 Rcd8 29. Rd1 Bd3 30. Rad2 d4 31. cxd4 Rxd4 32. Nxd4 Rxd4 33. Qf3 Qd8
34. Qc6 c3 35. Qxe6+ Kf8 36. Rxd3 c2 37. Rf3+ Qf6 38. Rxf6+ gxf6 39. Qxf6+ Kg8
40. Qg5+ 1-0

[Event "Werner-Ott-Open Kreuzberger Sommer 2014"]
[Site "Berlin"]
[Date "2014.07.11"]
[Round "7.17"]
[White "Baumert, Christian"]
[Black "Wierzbicki, Jirawat"]
[Result "0-1"]
[WhiteElo "2137"]
[BlackElo "1804"]
[PlyCount "82"]
[EventDate "2014.??.??"]
[WhiteTeam "SG Lasker Steglitz-Wilmersdorf"]
[BlackTeam "SK König Tegel 1949 e.V."]

1. d4 d5 2. c4 dxc4 3. Nf3 Nf6 4. e3 Bg4 5. Bxc4 e6 6. Qb3 Bxf3 7. gxf3 Nbd7 8.
Nc3 Nb6 9. Be2 Qd7 10. Bd2 Be7 11. O-O O-O 12. Rad1 c6 13. Bc1 Qc7 14. Bd3 Bd6
15. Kg2 Nbd5 16. Bb1 Rad8 17. Qc2 Nb4 18. Qe2 Nbd5 19. a3 g6 20. Rh1 Nh5 21.
Ne4 f5 22. Nxd6 Qxd6 23. f4 Rf7 24. Bd2 Rg7 25. h4 Qc7 26. Rc1 Qe7 27. Qf3 Nhf6
28. Bd3 Kf7 29. b4 a6 30. a4 Nxb4 31. Bxb4 Qxb4 32. Rb1 Qe7 33. Rb3 Rd7 34. Kh3
h6 35. Rhb1 g5 36. Qe2 gxh4 37. e4 fxe4 38. Bxe4 Nxe4 39. Qxe4 Kf8 40. Qe5 Qd6
41. Rxb7 Qxe5 0-1

[Event "Werner-Ott-Open Kreuzberger Sommer 2014"]
[Site "Berlin"]
[Date "2014.07.11"]
[Round "7.18"]
[White "Richter, Götz"]
[Black "Acikel, Mert"]
[Result "0-1"]
[WhiteElo "2032"]
[BlackElo "1707"]
[PlyCount "38"]
[EventDate "2014.??.??"]
[WhiteTeam "Klub Kölner Schachfreunde e.V. 1"]
[BlackTeam "SV Mattnetz"]

1. e4 e5 2. Nf3 Nc6 3. d4 exd4 4. Nxd4 Bc5 5. Nb3 Bb6 6. Nc3 Nf6 7. Bg5 d6 8.
Bd3 h6 9. Bh4 Be6 10. Qd2 g5 11. Bg3 Qe7 12. O-O-O O-O-O 13. Rhe1 Qd7 14. Bb5
Bxb3 15. axb3 a6 16. Ba4 Ba5 17. e5 Nh5 18. exd6 Nxg3 19. Re7 Qxe7 0-1

[Event "Werner-Ott-Open Kreuzberger Sommer 2014"]
[Site "Berlin"]
[Date "2014.07.11"]
[Round "7.19"]
[White "Sidabras, Jonas"]
[Black "Heerde, Thomas"]
[Result "0-1"]
[WhiteElo "1707"]
[BlackElo "2005"]
[PlyCount "128"]
[EventDate "2014.??.??"]
[WhiteTeam "SC Kreuzberg e.V."]
[BlackTeam "SC Weisse Dame e.V."]

1. d4 Nf6 2. Bg5 Ne4 3. Bf4 c5 4. f3 Qa5+ 5. c3 Nf6 6. Nd2 cxd4 7. Nb3 Qf5 8.
Bxb8 Rxb8 9. Qxd4 b6 10. e4 Qf4 11. Ne2 Qc7 12. Ng3 e6 13. Rd1 Bc5 14. Qd2 O-O
15. Nxc5 bxc5 16. b3 d5 17. exd5 Qe5+ 18. Kf2 exd5 19. Bd3 c4 20. bxc4 dxc4 21.
Bxc4 Qc5+ 22. Qd4 Rb2+ 23. Ne2 Qh5 24. h3 Qg5 25. Rhe1 h5 26. Kf1 Re8 27. Qf4
Qc5 28. Qd4 Qg5 29. Qf4 Qc5 30. Qd4 Qf5 31. Rd2 Rb1 32. Rdd1 Rb2 33. Rd2 Rb7
34. Rdd1 Rd7 35. Qf2 Rxd1 36. Rxd1 Qc2 37. Bb3 Qf5 38. Nd4 Qf4 39. Ne2 Qh2 40.
Qg1 Qe5 41. Bc4 Bb7 42. Qxa7 Bd5 43. Qd4 Bxc4 44. Qxc4 Qh2 45. Qf4 Qh1+ 46. Ng1
Re6 47. Rd8+ Kh7 48. Rd6 Re8 49. a4 Rb8 50. Qf5+ g6 51. Qc2 Kg7 52. a5 Qh2 53.
Rb6 Re8 54. Rb5 Qd6 55. Rb6 Qe5 56. Rb1 Qxa5 57. Ne2 Nd5 58. Kg1 Qc5+ 59. Kh1
Qf2 60. Nd4 Qg3 61. Qd2 Nf4 62. Rd1 Re2 63. Nf5+ gxf5 64. Qd4+ Kh7 0-1

[Event "Werner-Ott-Open Kreuzberger Sommer 2014"]
[Site "Berlin"]
[Date "2014.07.11"]
[Round "7.20"]
[White "Schmidt, Jürgen"]
[Black "Hahlbohm, Matthias"]
[Result "1-0"]
[WhiteElo "1996"]
[BlackElo "2102"]
[PlyCount "73"]
[EventDate "2014.??.??"]
[WhiteTeam "SC Kreuzberg e.V."]
[BlackTeam "TSG Oberschöneweide e.V."]

1. e4 c5 2. Nf3 d6 3. d4 cxd4 4. Nxd4 Nf6 5. Nc3 g6 6. Be3 Bg7 7. Bc4 O-O 8. f3
Qc7 9. Bb3 a6 10. Qd2 Nc6 11. g4 Na5 12. g5 Nxb3 13. axb3 Nd7 14. h4 Ne5 15. h5
Bd7 16. Nd5 Qd8 17. O-O-O Bc6 18. hxg6 hxg6 19. Qh2 Re8 20. Qh7+ Kf8 21. f4 Ng4
22. Nxc6 bxc6 23. Bd4 e5 24. Bb6 Qd7 25. Nc7 exf4 26. Nxa8 Rxa8 27. Bc5 Be5 28.
Bxd6+ Bxd6 29. Qh8+ Ke7 30. Qxa8 f3 31. Qxa6 f2 32. Kb1 Qe6 33. Qa7+ Kf8 34.
Qa8+ Ke7 35. Qxc6 Ne3 36. Qb7+ Kf8 37. Qa8+ {ZÜ} 1-0

[Event "Werner-Ott-Open Kreuzberger Sommer 2014"]
[Site "Berlin"]
[Date "2014.07.11"]
[Round "7.21"]
[White "Grassi, Fabrizio"]
[Black "Hoffmann, Rainer"]
[Result "1/2-1/2"]
[WhiteElo "1898"]
[BlackElo "2110"]
[PlyCount "130"]
[EventDate "2014.??.??"]
[WhiteTeam "SV Berlin-Friedrichstadt"]
[BlackTeam "BSC Rehberge 1945 e.V."]

1. d4 Nf6 2. Bf4 g6 3. e3 Bg7 4. Nf3 O-O 5. Be2 d6 6. O-O Nh5 7. Bg5 h6 8. Bh4
g5 9. Nfd2 gxh4 10. Bxh5 e5 11. c3 f5 12. f4 Nd7 13. Qe1 Qe7 14. Na3 b6 15. Qf2
a6 16. Nc2 a5 17. a4 Ba6 18. c4 Qd8 19. Rad1 exd4 20. exd4 Nf6 21. Bf3 d5 22.
Qxh4 Ne4 23. Qxd8 Raxd8 24. Nxe4 fxe4 25. Be2 dxc4 26. b3 cxb3 27. Bxa6 bxc2
28. Rc1 Bxd4+ 29. Kh1 Be3 30. Rxc2 Rxf4 31. Re1 Bc5 32. g3 Rg4 33. Bc4+ Kh8 34.
Be6 Rg6 35. Rxe4 Re8 36. Rce2 Rf6 37. Kg2 Re7 38. g4 Kg7 39. Bf5 Rff7 40. Rxe7
Rxe7 41. Rxe7+ Bxe7 42. Kf3 Kf7 43. Ke4 Kf6 44. h4 Ba3 45. Kd5 Bc1 46. h5 Bf4
47. Be4 Bh2 48. Bf5 Kg5 49. Kc4 Bg1 50. Kb5 Bc5 51. Kc6 Bd6 52. Kb5 Bh2 53. Bd7
Kh4 54. Bf5 Kg3 55. Bd7 Kf4 56. Bf5 Ke5 57. Kc4 Kd6 58. Kb5 Bf4 59. Be4 Bg5 60.
Bf3 Bd8 61. Bc6 Ke5 62. Kc4 Kf4 63. Bd7 c5 64. Be6 Ke5 65. Bd7 Kd6 1/2-1/2

[Event "Werner-Ott-Open Kreuzberger Sommer 2014"]
[Site "Berlin"]
[Date "2014.07.11"]
[Round "7.22"]
[White "Shapiro, Yosip"]
[Black "Meyer-Dunker, Paul"]
[Result "0-1"]
[WhiteElo "2104"]
[BlackElo "1889"]
[PlyCount "78"]
[EventDate "2014.??.??"]
[WhiteTeam "SV Berolina Mitte e.V."]
[BlackTeam "SC Friesen Lichtenberg e.V."]

1. Nf3 d5 2. c4 dxc4 3. Na3 a6 4. Nxc4 b5 5. Ne3 Bb7 6. g3 e6 7. Bg2 Nf6 8. O-O
Bd6 9. d3 O-O 10. Bd2 Nbd7 11. a4 c5 12. axb5 axb5 13. b4 cxb4 14. Rb1 Ra4 15.
Qe1 Qa5 16. Nc2 Nd5 17. Nfd4 Rc8 18. Nxb4 Bxb4 19. Bxb4 Nxb4 20. Bxb7 Rc7 21.
Bg2 e5 22. Nb3 Qb6 23. Nd2 Nc2 24. Qd1 Ra2 25. e3 Nxe3 26. fxe3 Qxe3+ 27. Kh1
Qxd2 28. Qf3 Kh8 29. Rfd1 Qf2 30. Qd5 Rcc2 31. Rg1 Qd4 32. Qxf7 Rf2 33. Qe8+
Rf8 34. Qe7 h6 35. Rxb5 Rff2 36. Qb4 Rxg2 37. Rxg2 Ra1+ 38. Qb1 Rxb1+ 39. Rxb1
Qxd3 0-1

[Event "Werner-Ott-Open Kreuzberger Sommer 2014"]
[Site "Berlin"]
[Date "2014.07.11"]
[Round "7.23"]
[White "Faulhaber, Rolf"]
[Black "Albinus, Günter"]
[Result "1-0"]
[WhiteElo "2068"]
[BlackElo "1880"]
[PlyCount "91"]
[EventDate "2014.??.??"]
[WhiteTeam "SK Tauberbischofsheim"]
[BlackTeam "SG Weißensee 49 e.V."]

1. Nf3 Nf6 2. c4 e6 3. g3 d5 4. Bg2 c6 5. O-O Bd6 6. d4 O-O 7. Qc2 Nbd7 8. Nbd2
e5 9. cxd5 Nxd5 10. Nc4 Bb8 11. dxe5 h6 12. e4 N5b6 13. Nxb6 axb6 14. e6 fxe6
15. Be3 Qe7 16. Nh4 Qb4 17. a3 Qa4 18. Qd2 Qb3 19. Ng6 Re8 20. Rac1 Kf7 21. Rc3
Qb5 22. Nh4 Be5 23. Bd4 Bxd4 24. Qxd4 Qxb2 25. e5 Kg8 26. Qe3 Ra5 27. f4 Rc5
28. Rb3 Qc2 29. Be4 Qc4 30. Rb4 Qa6 31. Bd3 b5 32. Qe4 Nf8 33. Ng6 Nxg6 34.
Qxg6 Bd7 35. f5 exf5 36. Bxf5 Bxf5 37. Qxe8+ Kh7 38. Rxf5 Qxa3 39. Rbf4 Qe3+
40. Rf2 Qe4 41. Rf8 Rc1+ 42. Rf1 Rxf1+ 43. Rxf1 Qe3+ 44. Kg2 Qe2+ 45. Rf2 Qe4+
46. Kh3 1-0

[Event "Werner-Ott-Open Kreuzberger Sommer 2014"]
[Site "Berlin"]
[Date "2014.07.11"]
[Round "7.24"]
[White "Matitschka, Heinz"]
[Black "Kunz, Andre"]
[Result "0-1"]
[WhiteElo "1886"]
[BlackElo "2029"]
[PlyCount "132"]
[EventDate "2014.??.??"]
[WhiteTeam "TSG Oberschöneweide e.V."]
[BlackTeam "BSV 63 Chemie Weißensee"]

1. d4 d5 2. c4 Nc6 3. e3 Nf6 4. Nc3 Bf5 5. Nf3 e6 6. Bd3 Bxd3 7. Qxd3 Nb4 8.
Qe2 dxc4 9. Ne5 c5 10. O-O cxd4 11. exd4 Be7 12. Qxc4 O-O 13. Rd1 Rc8 14. Qe2
Qa5 15. Bg5 Rfd8 16. a3 Nbd5 17. Re1 Qb6 18. Nxd5 Rxd5 19. Be3 Rcd8 20. Rac1
Qd6 21. Qf3 Rf8 22. Rc3 Rb5 23. Rec1 Nd5 24. Rc8 Bf6 25. Rxf8+ Qxf8 26. Nd7 Qd8
27. Nxf6+ Nxf6 28. b4 Rd5 29. h3 h6 30. Qg3 Kh7 31. Qc7 Qxc7 32. Rxc7 Rd7 33.
Rxd7 Nxd7 34. d5 a6 35. dxe6 fxe6 36. Kf1 b5 37. Ke2 Kg6 38. Kd3 Ne5+ 39. Kd4
Nc4 40. Bc1 h5 41. Kc5 Kf5 42. Kc6 Ke4 43. Kb7 Kd5 44. Kc7 g6 {(=)} 45. Kd7 a5
46. bxa5 Nxa5 47. Bd2 Nc4 48. Bb4 Ne5+ 49. Kc7 Nd3 50. Kb6 Kc4 51. Bd6 Nxf2 52.
Kc6 Nd3 53. Be7 e5 54. Bg5 e4 55. Bd2 Ne5+ 56. Kb6 Nd7+ 57. Kc6 Nf6 58. Kd6 Nd5
59. Ke5 e3 60. Be1 Nc3 61. Kf4 Kd3 62. Kf3 Nb1 63. Bb4 Nd2+ 64. Kg3 Ke2 65. Kf4
Nc4 66. Ke4 Kf1 0-1

[Event "Werner-Ott-Open Kreuzberger Sommer 2014"]
[Site "Berlin"]
[Date "2014.07.11"]
[Round "7.25"]
[White "Ziems, Michael"]
[Black "Francke, Jörg"]
[Result "1/2-1/2"]
[WhiteElo "1805"]
[BlackElo "2021"]
[PlyCount "47"]
[EventDate "2014.??.??"]
[WhiteTeam "SV Empor Berlin e.V."]
[BlackTeam "SC Weisse Dame e.V."]

1. d4 d5 2. c4 e6 3. Nc3 c6 4. e4 dxe4 5. Nxe4 Bb4+ 6. Bd2 Be7 7. Nf3 Nf6 8.
Ng3 O-O 9. Bd3 c5 10. Bc3 Nc6 11. O-O Qb6 12. dxc5 Qxc5 13. a3 a5 14. Qc2 g6
15. b3 Bd7 16. Qb2 Ne8 17. Ne4 Qb6 18. Qd2 f5 19. Ng3 Bf6 20. Bxf6 Nxf6 21. Bc2
Qc7 22. Qh6 Ng4 23. Qg5 Qd8 (23... Rae8 24. Rad1 Qd8 25. Qxd8 Rxd8 26. Rfe1 e5
27. Rd6 Bc8 28. Rxd8 Rxd8 29. Rd1 Rxd1+ 30. Bxd1 Nf6) 24. Rad1 {Rest nicht
nachvollziehbar.} (24. Qxd8 Raxd8 25. Rfd1 e5 26. Rd6 Bc8 27. Rxd8 Rxd8 28. Rd1
Rxd1+ 29. Bxd1 Nf6) 1/2-1/2